| 000 | 01463ngm a22003610a 4500 | ||
|---|---|---|---|
| 001 | PT35669 | ||
| 003 | AR-LpoUNG | ||
| 005 | 20210202000450.0 | ||
| 007 | vd cvaizq | ||
| 008 | 191001s1985||||ag |||||||||||||||||spa d | ||
| 037 | _c$13.33 | ||
| 037 | _c$14,07 | ||
| 040 |
_aAR-LpoUNG _bspa _cAR-LpoUNG _eaacr |
||
| 041 | _aspa | ||
| 044 | _aag | ||
| 082 | 0 | _a940.531 8 297v1 | |
| 100 | 1 |
_aLanzmann, Claude _edir. |
|
| 245 | 1 | 0 | _aShoah |
| 260 |
_aBuenos Aires : _bBlackman, _c1985. |
||
| 300 | _aVHS (142 min.) : son., col. | ||
| 505 | 0 | _aSubtítulos en español. | |
| 520 | _aEl director pasó once años recorriendo el mundo en busca de prisioneros que hayan sobrevivido a los campos de concentración, comandantes de la SS y testigos oculares de la Solución Final : el esfuerzo nazi por exterminar seres humanos sistemáticamente. Con testimonios extraordinarios Shoah muestra el proceso de exterminación paso a paso: los detalles minuciosos de itinerarios y finanzas, la logística de llevar a las víctimas como ganado a las cámaras de gas para luego dehacerse de los cadáveres, los procedimientos burocráticos que facilitaban la matanza de millones de personas sin mencionar las palabras matanza o persona. | ||
| 650 | 4 | _aALEMANIA | |
| 650 | 4 | _aGENOCIDIO | |
| 650 | 4 | _aVICTIMAS | |
| 653 | _aCINE | ||
| 653 | _aDOCUMENTALES | ||
| 653 | _aHOLOCAUSTO | ||
| 653 | _aNAZISMO | ||
| 653 | _aVIDEOS | ||
| 905 | _a35669 | ||
| 942 | _cDVD | ||
| 999 |
_c54912 _d54912 |
||